00460nam a22001457a 4500020001500000082002000015245007700035260002700112300001000139440004300149650003000192650004600222700002200268700002400290 a8176257389 aA6x5433 B179p\4 aPunjab through the ages, vol. 4cedited by S.R. Bakshi and Rashmi Pathak aNew DelhibSarupc2007 a292p. aStudies in contemporary Indian history aPunjab (India) -- History aPunjab (India) -- Politics and government aBakshi, S.R., ed. aPathak, Rashmi, ed.